| 000 | 00690cam a2200193 i 4500 | ||
|---|---|---|---|
| 020 | _a9789924500049 | ||
| 040 | _cDLC | ||
| 082 | _aCAM CLI 2015 C101 Or. | ||
| 245 | 0 | 0 |
_aClimate change and water governance in Cambodia : _bchallenge and perspectives for water security and climate change in selected catchments, Cambodia / |
| 300 |
_ax, 185 pages ; _c25 cm |
||
| 500 | _aErrata slip inserted at end. | ||
| 650 | 0 | _aWater resources development | |
| 650 | 0 | _aWater-supply | |
| 650 | 0 | _aClimatic changes | |
| 700 | 1 | _aSam, Sreymom, | |
| 700 | 1 | _aPech, Sokhem, | |
| 710 | 2 | _aVidyāsthān Paṇṭuḥ Paṇṭāl niṅ Srāvjrāv ṭoempī Qabhivaḍḍhn ̊Kambujā, | |
| 942 | _cAEDBB | ||
| 999 |
_c22237 _d22237 |
||